Wiedza ogólna o świecie #5 - Statystyki

Ogólne statystyki
  • Ten quiz został rozwiązany 93 razy
  • Średni wynik to 10 z 15
Statystyki odpowiedzi
Zagadnienie Odpowiedź % Poprawnych
Który kraj jest ojczyzną pizzy? Włochy
100%
Jak nazywa się największa wyspa na świecie? Grenlandia
94%
Jaka waluta obowiązuje w Meksyku? Peso
93%
Kto jest autorem teorii ewolucji? Charles Darwin
89%
Która planeta znajduje się najbliżej Słońca? Merkury
87%
Ile ścian ma sześcian? 6
85%
Jak nazywa się największy oceaniczny ssak drapieżny? Orka
81%
Ile wynosi liczba zero w systemie rzymskim? Brak oznaczenia
76%
Jak nazywa się główny bohater „Hobbita” J.R.R. Tolkiena? Bilbo Baggins
65%
Jakie miasto jest stolicą Arabii Saudyjskiej? Rijad
61%
Jak nazywa się najdłuższa rzeka w Europie? Wołga
48%
W którym roku miała miejsce rewolucja francuska? 1789
46%
Który reżyser stworzył filmy „Incepcja” i „Interstellar”? Christopher Nolan
46%
Który pierwiastek jest najlżejszy? Wodór
41%
Który piłkarz ma najwięcej złotych piłek? Marco van Basten
28%
Nie znaleziono quizów pasujących do podanych kryteriów
Rozkład punktacji
Procent ludzi z każdym wynikiem
Percentyl według liczby udzielonych odpowiedzi
Twoja historia wyników
Nie rozwiązałeś tego quizu